[Event "Liege Soultanbeieff op"]
[Site "Liege"]
[Date "2012.02.03"]
[Round "2"]
[White "Renard, Alain"]
[Black "Alessi, David"]
[Result "0-1"]
[WhiteElo "1574"]
[BlackElo "1846"]
[PlyCount "60"]
[EventDate "2012.01.27"]
[EventType "swiss"]
[EventRounds "9"]
[EventCountry "BEL"]
[SourceTitle "EXT 2013"]
[Source "ChessBase"]
[SourceDate "2012.11.22"]
[SourceVersion "1"]
[SourceVersionDate "2012.11.22"]
[SourceQuality "1"]

1. e4 a6 2. Nc3 b5 3. d3 Bb7 4. g3 Nf6 5. Bg2 e6 6. a3 c5 7. Nge2 Nc6 8. 0-0 Bd6 9. f4 Bc7 10. e5 Ng8 11. Ne4 Qe7 12. Be3 d6 13. c3 f5 14. Nd2 dxe5 15. fxe5 Bxe5 16. d4 Bd6 17. Nb3 c4 18. Nc5 Bxc5 19. dxc5 Nf6 20. Nf4 0-0 21. Re1 Rad8 22. Qe2 e5 23. Bf2 Rfe8 24. Qc2 e4 25. Rab1 Ng4 26. Rbd1 Rxd1 27. Rxd1 e3 28. Qxf5 exf2+ 29. Kh1 Qe1+ 30. Rxe1 fxe1Q+ 0-1

[Event "BEL-chT 0910"]
[Site "Belgium"]
[Date "2010.02.07"]
[Round "8"]
[White "Litwak, Aleksej"]
[Black "Renard, Alain"]
[Result "1-0"]
[WhiteElo "2269"]
[BlackElo "1539"]
[PlyCount "53"]
[EventDate "2009.09.27"]
[EventType "team-tourn"]
[EventRounds "11"]
[EventCountry "BEL"]
[SourceTitle "EXT 2011"]
[Source "ChessBase"]
[SourceDate "2010.11.26"]
[SourceVersion "1"]
[SourceVersionDate "2010.11.26"]
[SourceQuality "1"]
[WhiteTeam "KSK47 Eynatten"]
[BlackTeam "Liege Crelel"]
[WhiteTeamCountry "BEL"]
[BlackTeamCountry "BEL"]

1. e4 e5 2. Nf3 Nc6 3. Bb5 a6 4. Ba4 Nf6 5. 0-0 b5 6. Bb3 Bc5 7. c3 d6 8. d4 Bb6 9. a4 Bg4 10. axb5 axb5 11. Rxa8 Qxa8 12. d5 Ne7 13. Qd3 0-0 14. Bg5 Ng6 15. Na3 h6 16. Bd2 Nh5 17. Bd1 Nhf4 18. Qxb5 Qc8 19. Nc4 Nxg2 20. Nxb6 cxb6 21. Kxg2 Bh3+ 22. Kh1 Qg4 23. Rg1 Qxe4 24. Qxb6 Qxd5 25. Rxg6 Qd3 26. Rg1 e4 27. Qd4 1-0